000 00654cam a22002414a 4500
999 _c140805
_d140805
003 UPN
005 20230602063740.0
008 090203s2006 es r 000 f spa d
020 _a8424178327
035 _aUPN01000168699
040 _aUPN
_bspa
_cUPN
049 _aCG
050 4 _aPQ7298.13 H3.83
_bM3.6
100 1 _aChávez Castañeda, Ricardo,
_d1961-
_931081
245 1 0 _aMañanario /
_cRicardo Chávez Castañeda.
260 _aLeón, Esp. :
_bEverest,
_c2006.
300 _a55 p.
490 0 _aPunto de encuentro
650 4 _aNovela mexicana
_94557
650 0 _aMuerte en la literatura
_95164
905 _aLibro
942 _2lcc
_cLIBRO